<?xml version="1.0" encoding="UTF-8"?>
<record
    xmlns:xsi="http://www.w3.org/2001/XMLSchema-instance"
    xsi:schemaLocation="http://www.loc.gov/MARC21/slim http://www.loc.gov/standards/marcxml/schema/MARC21slim.xsd"
    xmlns="http://www.loc.gov/MARC21/slim">

  <leader>01378nam2a2200265   4500</leader>
  <controlfield tag="001">RU\NLR\BIBL_A\022748937</controlfield>
  <controlfield tag="005">20260324132450.0</controlfield>
  <datafield tag="010" ind1=" " ind2=" ">
    <subfield code="a">978-5-389-29947-4</subfield>
    <subfield code="9">6000</subfield>
  </datafield>
  <datafield tag="021" ind1=" " ind2=" ">
    <subfield code="a">RU</subfield>
    <subfield code="b">&#x410;&#x41B;-&#x41F;-26-00085&#x438;</subfield>
    <subfield code="9">&#x410;&#x41B;-&#x41F;-26-0010</subfield>
  </datafield>
  <datafield tag="035" ind1=" " ind2=" ">
    <subfield code="a">(NLR Aleph) 022748937</subfield>
  </datafield>
  <datafield tag="090" ind1=" " ind2=" ">
    <subfield code="a">13633840</subfield>
    <subfield code="c">13633840</subfield>
  </datafield>
  <datafield tag="100" ind1=" " ind2=" ">
    <subfield code="a">20260310d2026    u  y0rusy50      ca</subfield>
  </datafield>
  <datafield tag="101" ind1="1" ind2=" ">
    <subfield code="a">rus</subfield>
    <subfield code="c">jpn</subfield>
  </datafield>
  <datafield tag="102" ind1=" " ind2=" ">
    <subfield code="a">RU</subfield>
  </datafield>
  <datafield tag="105" ind1=" " ind2=" ">
    <subfield code="a">a   t   000ay</subfield>
  </datafield>
  <datafield tag="200" ind1="1" ind2=" ">
    <subfield code="a">&#x41D;&#x430;&#x440;&#x443;&#x442;&#x43E; &#x43F;&#x440;&#x43E;&#x442;&#x438;&#x432; &#x418;&#x442;&#x430;&#x442;&#x438;</subfield>
    <subfield code="f">[&#x43F;&#x435;&#x440;&#x435;&#x432;&#x43E;&#x434; &#x441; &#x44F;&#x43F;&#x43E;&#x43D;&#x441;&#x43A;&#x43E;&#x433;&#x43E; &#x414;&#x430;&#x43D;&#x438;&#x438;&#x43B;&#x430; &#x428;&#x43B;&#x43E;&#x431;&#x438;&#x43D;&#x430;]</subfield>
  </datafield>
  <datafield tag="210" ind1=" " ind2=" ">
    <subfield code="d">2026 (&#x43F;&#x435;&#x447;. 2025)</subfield>
  </datafield>
  <datafield tag="215" ind1=" " ind2=" ">
    <subfield code="a">580, [11] &#x441;.</subfield>
    <subfield code="c">&#x438;&#x43B;.</subfield>
  </datafield>
  <datafield tag="327" ind1="1" ind2=" ">
    <subfield code="a">&#x421;&#x43E;&#x434;&#x435;&#x440;&#x436;.: &#x422;. 58: &#x41D;&#x430;&#x440;&#x443;&#x442;&#x43E; &#x43F;&#x440;&#x43E;&#x442;&#x438;&#x432; &#x418;&#x442;&#x430;&#x442;&#x438;; &#x422;. 59: &#x41F;&#x44F;&#x442;&#x435;&#x440;&#x43E; &#x43A;&#x430;&#x433;&#x44D;, &#x43E;&#x431;&#x449;&#x438;&#x439; &#x441;&#x431;&#x43E;&#x440;!; &#x422;. 60: &#x41A;&#x443;&#x440;&#x430;&#x43C;&#x430;!!!</subfield>
  </datafield>
  <datafield tag="461" ind1=" " ind2="0">
    <subfield code="1">001RU\NLR\BIBL_A\012568078</subfield>
    <subfield code="1">2001#$a&#x41D;&#x430;&#x440;&#x443;&#x442;&#x43E;$e[&#x43C;&#x430;&#x43D;&#x433;&#x430;]$f&#x41C;&#x430;&#x441;&#x430;&#x441;&#x438; &#x41A;&#x438;&#x441;&#x438;&#x43C;&#x43E;&#x442;&#x43E;$g[&#x43F;&#x435;&#x440;&#x435;&#x432;&#x43E;&#x434; &#x441; &#x44F;&#x43F;&#x43E;&#x43D;&#x441;&#x43A;&#x43E;&#x433;&#x43E; &#x415;&#x43A;&#x430;&#x442;&#x435;&#x440;&#x438;&#x43D;&#x44B; &#x420;&#x44F;&#x431;&#x43E;&#x432;&#x43E;&#x439;, &#x41D;&#x430;&#x442;&#x430;&#x43B;&#x438;&#x438; &#x421;&#x430;&#x432;&#x430;&#x442;&#x44E;&#x433;&#x438;&#x43D;&#x43E;&#x439;]$v&#x41A;&#x43D;. 20</subfield>
    <subfield code="1">700#1$a&#x41A;&#x438;&#x441;&#x438;&#x43C;&#x43E;&#x442;&#x43E;$b&#x41C;.$f1974-$g&#x41C;&#x430;&#x441;&#x430;&#x441;&#x438;$3RU\NLR\AUTH\7784335</subfield>
    <subfield code="9">12482229</subfield>
    <subfield code="a">&#x41A;&#x438;&#x441;&#x438;&#x43C;&#x43E;&#x442;&#x43E;, &#x41C;. (1974-)</subfield>
    <subfield code="c">&#x421;&#x430;&#x43D;&#x43A;&#x442;-&#x41F;&#x435;&#x442;&#x435;&#x440;&#x431;&#x443;&#x440;&#x433; [&#x438; &#x434;&#x440;.]</subfield>
    <subfield code="d">2021-</subfield>
    <subfield code="f">&#x41C;&#x430;&#x441;&#x430;&#x441;&#x438; &#x41A;&#x438;&#x441;&#x438;&#x43C;&#x43E;&#x442;&#x43E;</subfield>
    <subfield code="n">&#x410;&#x437;&#x431;&#x443;&#x43A;&#x430; [&#x438; &#x434;&#x440;.]</subfield>
    <subfield code="o">[&#x43C;&#x430;&#x43D;&#x433;&#x430;]</subfield>
    <subfield code="t">&#x41D;&#x430;&#x440;&#x443;&#x442;&#x43E;</subfield>
    <subfield code="v">&#x41A;&#x43D;. 20</subfield>
  </datafield>
  <datafield tag="942" ind1=" " ind2=" ">
    <subfield code="c">BOOK</subfield>
  </datafield>
  <datafield tag="980" ind1=" " ind2=" ">
    <subfield code="a">NB</subfield>
  </datafield>
</record>
